000 00485nam a22001937a 4500
003 OSt
005 20180116183054.0
008 160905b xxu||||| |||| 00| 0 eng d
020 _a9780070577152
040 _c0
082 _a339 SCH1997
100 _aBradley R. Schiller
245 _aThe Macro Economy Today
_cBradley R. Schiller
250 _a7th
260 _aNew York
_bMc Graw Hill
_c1997
300 _a530 p.
_bPB
440 _aThe Macro Economy Today
942 _2ddc
_cBK
999 _c351759
_d351759